00309nam a2200121Ia 4500008004100000020002200041041000800063082001700071100001400088245003000102260004600132300000900178230411s9999 xx 000 0 und d a978-81-8462-029-0 aeng aX/MEH/B06484 aMehta N V aIncome Tax Ready Reckoner bShri Kuber Publishing HouseaMumbaic2011 a344p